[Event "Gibraltar Chess Festival 2017 - Masters"]
[Site "Gibraltar ENG"]
[Date "2017.01.27"]
[Round "4.18"]
[White "Sethuraman, S.P."]
[Black "Batsiashvili, Nino"]
[Result "1-0"]
[WhiteElo "2637"]
[BlackElo "2492"]
[PlyCount "71"]
[EventDate "2017.01.24"]
[EventType "swiss"]
[EventRounds "10"]
[EventCountry "ENG"]
[SourceTitle "Ajedrez en Madrid"]
[Source "lmi"]
[SourceDate "2017.01.24"]

1. e4 e5 2. Nf3 Nc6 3. d4 exd4 4. Nxd4 Bc5 5. Nb3 Bb6 6. Nc3 Nf6 7. Bg5 h6 8.
Bh4 g5 9. Bg3 d6 10. h4 Bg4 11. Be2 Bxe2 12. Qxe2 Rg8 13. hxg5 hxg5 14. Nd5
Nxd5 15. exd5+ Ne5 16. c4 Qe7 17. Bxe5 dxe5 18. c5 Bxc5 19. Qb5+ c6 20. Qxc5
Qxc5 21. Nxc5 cxd5 22. Nxb7 Rb8 23. Rc1 Kd7 24. Nc5+ Kd6 25. Rh6+ Rg6 26. Rxg6+
fxg6 27. b3 Rb5 28. Na4 d4 29. Rc8 Ke6 30. Ke2 g4 31. Kd3 g3 32. fxg3 Kf5 33.
Nc5 Rb6 34. Rf8+ Kg4 35. Rf3 Rc6 36. Nd7 1-0

[Event "Gibraltar Chess Festival 2017 - Masters"]
[Site "Gibraltar ENG"]
[Date "2017.01.27"]
[Round "4.19"]
[White "Garriga Cazorla, Pere"]
[Black "Akobian, Varuzhan"]
[Result "0-1"]
[WhiteElo "2386"]
[BlackElo "2633"]
[PlyCount "106"]
[EventDate "2017.01.24"]
[EventType "swiss"]
[EventRounds "10"]
[EventCountry "ENG"]
[SourceTitle "Ajedrez en Madrid"]
[Source "lmi"]
[SourceDate "2017.01.24"]

1. d4 Nf6 2. c4 g6 3. Nc3 Bg7 4. Nf3 O-O 5. g3 b6 6. Bg2 Bb7 7. O-O Ne4 8. Nxe4
Bxe4 9. Be3 c5 10. Qd2 d6 11. Bh6 Nc6 12. Bxg7 Kxg7 13. Rfd1 Bxf3 14. Bxf3 Nxd4
15. Bxa8 Qxa8 16. f3 e5 17. b4 cxb4 18. Kg2 a5 19. Rac1 Rc8 20. Rf1 Rc6 21. e3
Ne6 22. Rfd1 Qc8 23. Qb2 Nc5 24. Qc2 a4 25. Qb2 b3 26. Rc3 h5 27. h3 Qa6 28.
axb3 Nxb3 29. Qc2 Qc8 30. Rd5 Qc7 31. f4 Nc5 32. Ra3 Qe7 33. Qb2 f6 34. Qc2 Qe6
35. Kh2 Qf5 36. Qxf5 gxf5 37. g4 hxg4 38. hxg4 fxg4 39. Kg3 f5 40. fxe5 dxe5
41. Rxe5 Kf6 42. Re8 Rc7 43. Ra2 Ra7 44. Rh2 a3 45. Rf8+ Kg7 46. Rhh8 a2 47.
Rfg8+ Kf7 48. Rh7+ Kxg8 49. Rxa7 Ne4+ 50. Kg2 Nc3 51. Kf1 Kf8 52. Ke1 Ke8 53.
Kd2 g3 0-1

[Event "Gibraltar Chess Festival 2017 - Masters"]
[Site "Gibraltar ENG"]
[Date "2017.01.27"]
[Round "4.20"]
[White "Ivanchuk, Vassily"]
[Black "Cheng, Bobby"]
[Result "1-0"]
[WhiteElo "2752"]
[BlackElo "2452"]
[PlyCount "55"]
[EventDate "2017.01.24"]
[EventType "swiss"]
[EventRounds "10"]
[EventCountry "ENG"]
[SourceTitle "Ajedrez en Madrid"]
[Source "lmi"]
[SourceDate "2017.01.24"]

1. e4 g6 2. d4 Bg7 3. Nf3 d6 4. Be2 Nf6 5. Nc3 O-O 6. O-O a6 7. Bf4 Nc6 8. h3
b5 9. a3 Bb7 10. Re1 Re8 11. d5 Nb8 12. Nd4 c5 13. Nb3 b4 14. axb4 cxb4 15. Na2
Nxe4 16. Bf3 Nc5 17. Nxb4 Nxb3 18. cxb3 Bxb2 19. Nc6 Bxc6 20. dxc6 Bxa1 21.
Qxa1 Qc7 22. b4 e5 23. b5 Re7 24. Be3 e4 25. Bh6 Re5 26. Rxe4 Ra7 27. Rxe5 dxe5
28. b6 1-0

[Event "Gibraltar Chess Festival 2017 - Masters"]
[Site "Gibraltar ENG"]
[Date "2017.01.27"]
[Round "4.21"]
[White "Svidler, Peter"]
[Black "Zhukova, Natalia"]
[Result "1-0"]
[WhiteElo "2748"]
[BlackElo "2447"]
[PlyCount "59"]
[EventDate "2017.01.24"]
[EventType "swiss"]
[EventRounds "10"]
[EventCountry "ENG"]
[SourceTitle "Ajedrez en Madrid"]
[Source "lmi"]
[SourceDate "2017.01.24"]

1. Nf3 e6 2. g3 b5 3. e4 Bb7 4. Qe2 c5 5. Bg2 a6 6. O-O Nf6 7. e5 Nd5 8. Nc3 d6
9. exd6 Bxd6 10. a4 b4 11. Ne4 Be7 12. d4 cxd4 13. Nxd4 O-O 14. Rd1 Nd7 15. c4
bxc3 16. bxc3 Qc8 17. Rb1 Ra7 18. c4 N5f6 19. Rxb7 Rxb7 20. Nc6 Bc5 21. Nxc5
Nxc5 22. Ba3 Nxa4 23. Qc2 Nb2 24. Bxb2 Rd7 25. Ba3 Re8 26. Bd6 Kh8 27. Ne5 Ra7
28. c5 Nd5 29. c6 f6 30. Qc5 1-0

[Event "Gibraltar Chess Festival 2017 - Masters"]
[Site "Gibraltar ENG"]
[Date "2017.01.27"]
[Round "4.23"]
[White "Kovalenko, Igor"]
[Black "Kuipers, Stefan"]
[Result "1-0"]
[WhiteElo "2684"]
[BlackElo "2414"]
[PlyCount "53"]
[EventDate "2017.01.24"]
[EventType "swiss"]
[EventRounds "10"]
[EventCountry "ENG"]
[SourceTitle "Ajedrez en Madrid"]
[Source "lmi"]
[SourceDate "2017.01.24"]

1. c4 e5 2. Nc3 Bb4 3. g3 Bxc3 4. bxc3 d6 5. Bg2 Ne7 6. d3 O-O 7. Nh3 Nbc6 8.
O-O h6 9. f4 Be6 10. e4 exf4 11. Nxf4 Qd7 12. Rb1 Rab8 13. Rb2 Ne5 14. a4 Bg4
15. Qc2 N5g6 16. Be3 b6 17. Qb3 a5 18. h3 Be6 19. d4 Qc8 20. Kh2 Kh7 21. Nxe6
Qxe6 22. Rbf2 Rbe8 23. Qb5 Ng8 24. Bd2 Nf6 25. Rxf6 gxf6 26. Qh5 Rh8 27. e5 1-0

[Event "Gibraltar Chess Festival 2017 - Masters"]
[Site "Gibraltar ENG"]
[Date "2017.01.27"]
[Round "4.24"]
[White "Khotenashvili, Bela"]
[Black "Gupta, Abhijeet"]
[Result "0-1"]
[WhiteElo "2430"]
[BlackElo "2645"]
[PlyCount "168"]
[EventDate "2017.01.24"]
[EventType "swiss"]
[EventRounds "10"]
[EventCountry "ENG"]
[SourceTitle "Ajedrez en Madrid"]
[Source "lmi"]
[SourceDate "2017.01.24"]

1. d4 Nf6 2. c4 g6 3. Nf3 Bg7 4. g3 O-O 5. Bg2 c6 6. O-O d5 7. b3 Bf5 8. Bb2
Nbd7 9. Nbd2 a5 10. Nh4 Be6 11. e4 dxe4 12. Nxe4 Nxe4 13. Bxe4 Bh3 14. Bg2 Bxg2
15. Kxg2 a4 16. Qc2 b5 17. Nf3 Qb6 18. Rfe1 e6 19. h4 Rfb8 20. c5 Qc7 21. Bc3
Rd8 22. Bd2 Qa7 23. Rab1 Nf6 24. Bf4 Nd5 25. Be5 axb3 26. axb3 Qa2 27. Qd3 Nb4
28. Qc3 Nd5 29. Qd3 Nb4 30. Qc3 Nd5 31. Qc1 f6 32. Bf4 Re8 33. Bd2 h5 34. Rb2
Qa7 35. Qc2 Kf7 36. Rbb1 Qd7 37. Ra1 Ne7 38. Qe4 Qd5 39. Qxd5 Nxd5 40. Kf1 Red8
41. Ke2 Bf8 42. Kf1 Be7 43. Rec1 Bf8 44. Ke2 Ne7 45. Ba5 Rdc8 46. Bd2 Nf5 47.
Bc3 Ne7 48. Bd2 Nd5 49. Kf1 Be7 50. Ke2 Bd8 51. Kd3 Bc7 52. Re1 Rd8 53. Kc2 Ne7
54. Bc3 Nf5 55. Red1 Ke7 56. Re1 Kd7 57. Red1 Ne7 58. Re1 Nd5 59. Bd2 Re8 60.
Kd3 Rf8 61. Kc2 Rxa1 62. Rxa1 g5 63. hxg5 fxg5 64. Nxg5 Rxf2 65. Ra7 Rg2 66.
Ne4 Kc8 67. Ra8+ Kb7 68. Rh8 Bxg3 69. Rg8 h4 70. Kd3 Ka7 71. Rg7+ Ka6 72. Rg6
Ka7 73. Rg7+ Ka6 74. Rg6 Rg1 75. Rxe6 Bf4 76. Rxc6+ Kb7 77. Re6 h3 78. Nf2 h2
79. Ke4 Bg3 80. Rh6 Nf6+ 81. Kf5 Rf1 82. c6+ Ka7 83. Be3 Nd5 84. Kg4 Nxe3+ 0-1

[Event "Gibraltar Chess Festival 2017 - Masters"]
[Site "Gibraltar ENG"]
[Date "2017.01.27"]
[Round "4.25"]
[White "Carlstedt, Jonathan"]
[Black "Oparin, Grigoriy"]
[Result "1-0"]
[WhiteElo "2413"]
[BlackElo "2625"]
[PlyCount "55"]
[EventDate "2017.01.24"]
[EventType "swiss"]
[EventRounds "10"]
[EventCountry "ENG"]
[SourceTitle "Ajedrez en Madrid"]
[Source "lmi"]
[SourceDate "2017.01.24"]

1. d4 Nf6 2. c4 e6 3. Nc3 Bb4 4. Qc2 O-O 5. Nf3 d5 6. Bg5 c5 7. e3 cxd4 8. exd4
h6 9. Bh4 Nc6 10. c5 g5 11. Bg3 Ne4 12. Bd3 f5 13. h3 Nxg3 14. fxg3 Qf6 15. a3
Ba5 16. b4 Bc7 17. Ne2 g4 18. hxg4 fxg4 19. Qd2 Kg7 20. Nh2 Qf2+ 21. Kd1 Nxd4
22. Nf3 Rf6 23. Nfxd4 Be5 24. Kc2 Bxd4 25. Raf1 Qe3 26. Nxd4 Qxd4 27. Rxh6 Rxf1
28. Qg5+ 1-0

[Event "Gibraltar Chess Festival 2017 - Masters"]
[Site "Gibraltar ENG"]
[Date "2017.01.27"]
[Round "4.26"]
[White "Edouard, Romain"]
[Black "Vega Gutierrez, Sabrina"]
[Result "1-0"]
[WhiteElo "2613"]
[BlackElo "2406"]
[PlyCount "73"]
[EventDate "2017.01.24"]
[EventType "swiss"]
[EventRounds "10"]
[EventCountry "ENG"]
[SourceTitle "Ajedrez en Madrid"]
[Source "lmi"]
[SourceDate "2017.01.24"]

1. e4 c5 2. Nf3 Nc6 3. Bb5 e6 4. Bxc6 bxc6 5. b3 f6 6. O-O Nh6 7. d4 cxd4 8.
Bxh6 gxh6 9. Nxd4 Qa5 10. Qd3 Rg8 11. Nd2 Ba6 12. Nc4 Qg5 13. g3 Qc5 14. Rad1
Bxc4 15. bxc4 Rg7 16. Nb3 Qe5 17. f4 Qc7 18. c5 a5 19. a4 Rb8 20. Qc3 Rb4 21.
Rd4 Rxd4 22. Qxd4 Be7 23. Kg2 Kf7 24. e5 f5 25. Rd1 Ke8 26. Qc3 Bd8 27. Nd2 h5
28. Nc4 h4 29. Rb1 Kf8 30. Nd6 Be7 31. Rb6 hxg3 32. Qb2 gxh2+ 33. Kxh2 Rg4 34.
Rb8+ Bd8 35. Qb6 Qxb6 36. cxb6 Ke7 37. b7 1-0

[Event "Gibraltar Chess Festival 2017 - Masters"]
[Site "Gibraltar ENG"]
[Date "2017.01.27"]
[Round "4.27"]
[White "Jessel, Stephen"]
[Black "Lalith, Babu M R"]
[Result "0-1"]
[WhiteElo "2382"]
[BlackElo "2587"]
[PlyCount "46"]
[EventDate "2017.01.24"]
[EventType "swiss"]
[EventRounds "10"]
[EventCountry "ENG"]
[SourceTitle "Ajedrez en Madrid"]
[Source "lmi"]
[SourceDate "2017.01.24"]

1. Nf3 d5 2. c4 d4 3. g3 Nc6 4. Bg2 e5 5. O-O e4 6. Ne1 h5 7. d3 h4 8. dxe4 Be6
9. Nf3 hxg3 10. hxg3 Qd7 11. Re1 O-O-O 12. Nbd2 Bh3 13. Bh1 Qg4 14. Qa4 d3 15.
e3 a6 16. Qd1 Qh5 17. Nh2 Qh6 18. f4 Nb4 19. Ndf3 Nf6 20. Nh4 g5 21. fxg5 Qxg5
22. Kf2 Rxh4 23. Nf3 Nxe4+ 0-1

[Event "Gibraltar Chess Festival 2017 - Masters"]
[Site "Gibraltar ENG"]
[Date "2017.01.27"]
[Round "4.28"]
[White "Deac, Bogdan-Daniel"]
[Black "Ladron De Guevara Pinto, Paolo"]
[Result "1-0"]
[WhiteElo "2572"]
[BlackElo "2386"]
[PlyCount "125"]
[EventDate "2017.01.24"]
[EventType "swiss"]
[EventRounds "10"]
[EventCountry "ENG"]
[SourceTitle "Ajedrez en Madrid"]
[Source "lmi"]
[SourceDate "2017.01.24"]

1. c4 Nf6 2. Nc3 g6 3. d4 Bg7 4. e4 d6 5. Be2 O-O 6. Nf3 e5 7. Be3 h6 8. dxe5
Ng4 9. Bd2 Nxe5 10. O-O Nbc6 11. Rc1 Be6 12. b3 a6 13. Be3 Ng4 14. Bf4 Nge5 15.
Ne1 f5 16. exf5 Bxf5 17. Qd2 Kh7 18. Be3 Qd7 19. f3 Rae8 20. Kh1 Rf7 21. Bg1 g5
22. Nc2 Bg6 23. Ne3 Nd8 24. Ned5 Ne6 25. Bd1 c6 26. Nb6 Qc7 27. Bc2 Bxc2 28.
Qxc2+ Kh8 29. Ne4 Nf4 30. Rcd1 Re6 31. Ng3 Ref6 32. Qd2 Re6 33. Ne4 Bf8 34. a4
Be7 35. a5 Kg8 36. Bd4 Nfg6 37. Bb2 Nh4 38. Rde1 Nhg6 39. Rd1 Nh4 40. Ng3 Bf8
41. Nh5 Nhg6 42. Rde1 Qb8 43. Na4 Qc7 44. Re2 Qe7 45. Nc3 g4 46. f4 Qh4 47. Ng3
Ref6 48. f5 Ne7 49. Ref2 d5 50. Nxd5 cxd5 51. Bxe5 Rc6 52. f6 Ng6 53. cxd5 Rc5
54. Nf5 Qg5 55. Ne7+ Kh7 56. Nxg6 Qxg6 57. Bg3 Qe4 58. Rd1 Rd7 59. d6 Rf5 60.
Re2 Qc6 61. Qd3 Qb5 62. Qxb5 Rxb5 63. Re7+ 1-0

[Event "Gibraltar Chess Festival 2017 - Masters"]
[Site "Gibraltar ENG"]
[Date "2017.01.27"]
[Round "4.29"]
[White "Vazquez Igarza, Renier"]
[Black "Herman, Matthew J"]
[Result "1-0"]
[WhiteElo "2572"]
[BlackElo "2383"]
[PlyCount "121"]
[EventDate "2017.01.24"]
[EventType "swiss"]
[EventRounds "10"]
[EventCountry "ENG"]
[SourceTitle "Ajedrez en Madrid"]
[Source "lmi"]
[SourceDate "2017.01.24"]

1. d4 f5 2. g3 Nf6 3. Bg2 g6 4. Nf3 Bg7 5. O-O O-O 6. c4 d6 7. Nc3 c6 8. Re1
Na6 9. e4 fxe4 10. Nxe4 Nxe4 11. Rxe4 Bf5 12. Re1 Qd7 13. Bg5 Rae8 14. Qd2 Bg4
15. Nh4 e5 16. d5 Nc7 17. a4 Rf7 18. Be4 cxd5 19. cxd5 Na6 20. Bd3 Ref8 21. Bb5
Qc8 22. Rac1 Qb8 23. Be3 Nc7 24. Bf1 Bf6 25. Qb4 Qc8 26. Qxd6 Rd8 27. Qb4 Bxh4
28. d6 Nd5 29. Rxc8 Nxb4 30. Rc4 Be6 31. Rxb4 Bf6 32. Bxa7 Rxd6 33. Rb6 Rfd7
34. Rxd6 Rxd6 35. b4 Kf7 36. Be3 Bb3 37. a5 e4 38. Bc5 Re6 39. Bg2 Bd5 40. Rd1
Bc6 41. Bf1 Re5 42. Bc4+ Kg7 43. Bd6 Rf5 44. g4 Rf3 45. Bc5 Ra3 46. Bd5 Bd7 47.
g5 Bxg5 48. Bxb7 Bb5 49. Bxe4 Kf6 50. Bd4+ Ke7 51. Bc5+ Kf6 52. Kg2 Be2 53.
Bd4+ Kf7 54. Bd5+ Kf8 55. Re1 Bb5 56. Be3 Bxe3 57. Rxe3 Ra4 58. Re4 Ra3 59. f3
Ra4 60. Kg3 Ra1 61. Bc4 1-0

[Event "Gibraltar Chess Festival 2017 - Masters"]
[Site "Gibraltar ENG"]
[Date "2017.01.27"]
[Round "4.30"]
[White "Donchenko, Alexander"]
[Black "Godart, Francois"]
[Result "1/2-1/2"]
[WhiteElo "2559"]
[BlackElo "2381"]
[PlyCount "71"]
[EventDate "2017.01.24"]
[EventType "swiss"]
[EventRounds "10"]
[EventCountry "ENG"]
[SourceTitle "Ajedrez en Madrid"]
[Source "lmi"]
[SourceDate "2017.01.24"]

1. Nf3 d5 2. g3 e6 3. Bg2 Nf6 4. O-O Be7 5. c4 O-O 6. d4 dxc4 7. Qc2 a6 8. a4
Bd7 9. Qxc4 Bc6 10. Bg5 Bd5 11. Qd3 c5 12. Nc3 Bc6 13. Rfd1 cxd4 14. Nxd4 Bxg2
15. Kxg2 Nbd7 16. Qf3 Qa5 17. Bxf6 Bxf6 18. Nxe6 fxe6 19. Rxd7 Bd4 20. Qxb7
Rab8 21. Qe4 Rxf2+ 22. Kh1 Qh5 23. Qxe6+ Kh8 24. h4 Re8 25. Re7 Ref8 26. Rd1
Bf6 27. Red7 Re8 28. Rf7 Rg8 29. Kg1 Rf5 30. Rd5 Bd4+ 31. Rxd4 Qxf7 32. Qxf7
Rxf7 33. b4 Rgf8 34. h5 Rf5 35. Rd6 R8f6 36. Rd8+ 1/2-1/2

[Event "Gibraltar Chess Festival 2017 - Masters"]
[Site "Gibraltar ENG"]
[Date "2017.01.27"]
[Round "4.31"]
[White "Libiszewski, Fabien"]
[Black "Gara, Ticia"]
[Result "1-0"]
[WhiteElo "2545"]
[BlackElo "2378"]
[PlyCount "69"]
[EventDate "2017.01.24"]
[EventType "swiss"]
[EventRounds "10"]
[EventCountry "ENG"]
[SourceTitle "Ajedrez en Madrid"]
[Source "lmi"]
[SourceDate "2017.01.24"]

1. Nf3 Nf6 2. g3 g6 3. b3 Bg7 4. Bb2 O-O 5. Bg2 d5 6. O-O c5 7. c4 Nc6 8. cxd5
Nxd5 9. Bxg7 Kxg7 10. d4 cxd4 11. Nxd4 Ndb4 12. Nxc6 Nxc6 13. Na3 Bg4 14. Qc2
Qd6 15. Bxc6 Qxc6 16. Qxc6 bxc6 17. f3 Be6 18. Rfc1 a5 19. Nc4 Rfd8 20. Nb6 Ra7
21. Kf2 Rd6 22. Rc5 Ra6 23. Na4 f5 24. Rac1 Kf6 25. Ke1 Bc8 26. R1c4 e5 27. Nc3
Be6 28. Ra4 Ra8 29. Raxa5 Rad8 30. Rxe5 Rd2 31. Rec5 R8d6 32. Rxc6 Rxa2 33.
Rxf5+ Kxf5 34. Rxd6 Bxb3 35. Nxa2 1-0

[Event "Gibraltar Chess Festival 2017 - Masters"]
[Site "Gibraltar ENG"]
[Date "2017.01.27"]
[Round "4.32"]
[White "Batchimeg, Tuvshintugs"]
[Black "Spraggett, Kevin"]
[Result "1/2-1/2"]
[WhiteElo "2390"]
[BlackElo "2542"]
[PlyCount "52"]
[EventDate "2017.01.24"]
[EventType "swiss"]
[EventRounds "10"]
[EventCountry "ENG"]
[SourceTitle "Ajedrez en Madrid"]
[Source "lmi"]
[SourceDate "2017.01.24"]

1. d4 Nf6 2. c4 e6 3. Nc3 Bb4 4. e3 O-O 5. Nf3 c5 6. Bd3 d5 7. cxd5 cxd4 8.
exd4 Nxd5 9. O-O Nc6 10. Bc2 Be7 11. Qd3 g6 12. a3 Nxc3 13. bxc3 Bf6 14. Re1 b6
15. Bh6 Bg7 16. Bxg7 Kxg7 17. Ba4 Bb7 18. Bxc6 Bxc6 19. Ne5 Bb7 20. Qe3 h6 21.
Qh3 Qg5 22. Re3 Qf5 23. Qh4 Qg5 24. Qh3 Qf5 25. Qh4 Qg5 26. Qh3 Qf5 1/2-1/2

[Event "Gibraltar Chess Festival 2017 - Masters"]
[Site "Gibraltar ENG"]
[Date "2017.01.27"]
[Round "4.33"]
[White "Lagno, Kateryna"]
[Black "Soumya, Swaminathan"]
[Result "1-0"]
[WhiteElo "2530"]
[BlackElo "2375"]
[PlyCount "161"]
[EventDate "2017.01.24"]
[EventType "swiss"]
[EventRounds "10"]
[EventCountry "ENG"]
[SourceTitle "Ajedrez en Madrid"]
[Source "lmi"]
[SourceDate "2017.01.24"]

1. e4 c5 2. Nf3 Nc6 3. d4 cxd4 4. Nxd4 Nf6 5. Nc3 d6 6. Bg5 e6 7. Qd3 a6 8.
Nxc6 bxc6 9. O-O-O Qa5 10. Qg3 Rb8 11. Bc4 Be7 12. Bd2 Qc5 13. Bb3 O-O 14. f4
e5 15. f5 Rd8 16. Bh6 Bf8 17. Bg5 Be7 18. Qf3 Bb7 19. Be3 Qa5 20. g4 d5 21. g5
d4 22. gxf6 Bxf6 23. Qh5 dxe3 24. Qxf7+ Kh8 25. Rxd8+ Qxd8 26. Bc4 Qe7 27. Rd1
Qxf7 28. Bxf7 Bg5 29. Ne2 Rd8 30. Rxd8+ Bxd8 31. Kd1 a5 32. b3 Ba6 33. c4 a4
34. Kc2 axb3+ 35. axb3 g6 36. fxg6 hxg6 37. Bxg6 Kg7 38. Bf5 c5 39. Kd3 Ba5 40.
Kxe3 Bb7 41. Kf3 Bd2 42. Bd7 Kf6 43. Ng3 Ke7 44. Bf5 Bc6 45. Nf1 Bf4 46. h4 Be8
47. Bg4 Bc1 48. Ne3 Kf6 49. Nd5+ Kg6 50. Nc7 Bc6 51. Nd5 Be8 52. Ke2 Bh6 53.
Nc7 Bc6 54. Bf5+ Kf6 55. Kf3 Bf8 56. Kg4 Bh6 57. h5 Bd2 58. Na6 Be3 59. Nb8 Be8
60. Bg6 Bxg6 61. Nd7+ Kg7 62. hxg6 Kxg6 63. Nxe5+ Kf6 64. Nd3 Ke6 65. Kf3 Bg1
66. Kf4 Bh2+ 67. Ke3 Kd6 68. Kd2 Bg1 69. Kc2 Bd4 70. Kb1 Kc6 71. Ka2 Kb6 72.
Ka3 Ka5 73. e5 Kb6 74. e6 Kc6 75. Ka4 Be3 76. e7 Kd7 77. Kb5 Kxe7 78. Nxc5 Kd8
79. Kc6 Bd2 80. Na6 Kc8 81. b4 1-0

[Event "Gibraltar Chess Festival 2017 - Masters"]
[Site "Gibraltar ENG"]
[Date "2017.01.27"]
[Round "4.34"]
[White "Henderson De La Fuente, Lance"]
[Black "Del Rio De Angelis, Salvador G"]
[Result "1/2-1/2"]
[WhiteElo "2380"]
[BlackElo "2527"]
[PlyCount "65"]
[EventDate "2017.01.24"]
[EventType "swiss"]
[EventRounds "10"]
[EventCountry "ENG"]
[SourceTitle "Ajedrez en Madrid"]
[Source "lmi"]
[SourceDate "2017.01.24"]

1. e4 e6 2. d4 d5 3. Nd2 b6 4. Ngf3 Nf6 5. e5 Nfd7 6. c4 c5 7. cxd5 exd5 8. Bd3
Be7 9. O-O Nf8 10. Re1 Ne6 11. Nf1 Nc6 12. Bb5 Bb7 13. Ne3 O-O 14. Nf5 g6 15.
Bxc6 Bxc6 16. Nxe7+ Qxe7 17. Bh6 Rfc8 18. Qd2 Bb7 19. Rac1 cxd4 20. Nxd4 Rc4
21. Nxe6 fxe6 22. Rxc4 dxc4 23. Bg5 Qc5 24. Bf6 Qd5 25. Qg5 Rc8 26. h4 c3 27.
bxc3 Rxc3 28. h5 Rf3 29. hxg6 Rxf6 30. gxh7+ Kxh7 31. Qh5+ Rh6 32. Qf7+ Kh8 33.
Qf8+ 1/2-1/2

[Event "Gibraltar Chess Festival 2017 - Masters"]
[Site "Gibraltar ENG"]
[Date "2017.01.27"]
[Round "4.35"]
[White "Gunina, Valentina"]
[Black "Arakhamia-Grant, Ketevan"]
[Result "0-1"]
[WhiteElo "2524"]
[BlackElo "2370"]
[PlyCount "104"]
[EventDate "2017.01.24"]
[EventType "swiss"]
[EventRounds "10"]
[EventCountry "ENG"]
[SourceTitle "Ajedrez en Madrid"]
[Source "lmi"]
[SourceDate "2017.01.24"]

1. d4 Nf6 2. c4 g6 3. Nc3 Bg7 4. e4 d6 5. Nf3 O-O 6. Be2 e5 7. O-O Nc6 8. d5
Ne7 9. Ne1 Nd7 10. f3 f5 11. Bg5 f4 12. Bh4 h5 13. Nd3 Bh6 14. Bf2 g5 15. c5
Nf6 16. cxd6 cxd6 17. Nb5 Ng6 18. Rc1 Rf7 19. Qc2 Ne8 20. Nxa7 Bd7 21. Qb3 g4
22. Nb5 g3 23. hxg3 fxg3 24. Bxg3 Qb6+ 25. Nf2 Bxc1 26. Rxc1 h4 27. Bh2 Nf4 28.
Bxf4 Rxf4 29. Rc6 Qa5 30. Nxd6 bxc6 31. dxc6+ Kf8 32. cxd7 Nxd6 33. Qe6 Nf7 34.
Nd3 Rd8 35. Kh2 Qc7 36. Nxf4 exf4 37. Bb5 Qe5 38. Qe8+ Kg7 39. a4 Qg5 40. Qe6
h3 41. Qg4 Qxg4 42. fxg4 hxg2 43. Kxg2 Kf6 44. b4 Ne5 45. a5 Nxd7 46. Bc6 Ne5
47. Bd5 Rc8 48. a6 Rc2+ 49. Kf1 f3 50. a7 Nxg4 51. e5+ Kxe5 52. Bxf3 Nh2+ 0-1

[Event "Gibraltar Chess Festival 2017 - Masters"]
[Site "Gibraltar ENG"]
[Date "2017.01.27"]
[Round "4.36"]
[White "Kozak, Adam"]
[Black "Lemos, Damian"]
[Result "1/2-1/2"]
[WhiteElo "2376"]
[BlackElo "2516"]
[PlyCount "107"]
[EventDate "2017.01.24"]
[EventType "swiss"]
[EventRounds "10"]
[EventCountry "ENG"]
[SourceTitle "Ajedrez en Madrid"]
[Source "lmi"]
[SourceDate "2017.01.24"]

1. Nf3 c5 2. c4 Nc6 3. g3 g6 4. Bg2 Bg7 5. Nc3 d6 6. O-O e6 7. d3 Nge7 8. Bd2
O-O 9. Rb1 b6 10. a3 Bb7 11. b4 Qd7 12. Qa4 Rfd8 13. Rfe1 h6 14. h4 Kh7 15. Qb5
Rab8 16. Rec1 Nf5 17. bxc5 dxc5 18. Ne4 Qe7 19. Qa4 Ncd4 20. Nxd4 Nxd4 21. Re1
Bc6 22. Qd1 f5 23. Nc3 Bxg2 24. Kxg2 Qb7+ 25. Kg1 Nc6 26. Qc2 Rd7 27. Be3 Qc8
28. Kg2 Rbb7 29. f3 Qh8 30. Rec1 Be5 31. Qd2 Qf8 32. Bf2 Bd4 33. Nd1 Rg7 34.
Bxd4 Nxd4 35. Nf2 e5 36. Rh1 Rbe7 37. a4 Qa8 38. Rb2 Rgf7 39. Rf1 Nc6 40. Qe3
Qc8 41. Qd2 Qf8 42. Qe1 Qg7 43. Qc3 Qf8 44. Qe1 Qe8 45. Qc3 Qd7 46. Ra1 Re8 47.
Rf1 Rg8 48. Rh1 Qe6 49. Qd2 Kg7 50. Ra1 Rgf8 51. Rc1 Qe7 52. Rh1 Rd8 53. Qc3
Kh7 54. Rd2 1/2-1/2

[Event "Gibraltar Chess Festival 2017 - Masters"]
[Site "Gibraltar ENG"]
[Date "2017.01.27"]
[Round "4.37"]
[White "Stefanova, Antoaneta"]
[Black "Omar, Noaman"]
[Result "1-0"]
[WhiteElo "2512"]
[BlackElo "2369"]
[PlyCount "45"]
[EventDate "2017.01.24"]
[EventType "swiss"]
[EventRounds "10"]
[EventCountry "ENG"]
[SourceTitle "Ajedrez en Madrid"]
[Source "lmi"]
[SourceDate "2017.01.24"]

1. Nf3 d5 2. b3 c5 3. e3 a6 4. Bb2 Nc6 5. d4 Nf6 6. Be2 Bg4 7. O-O e6 8. Nbd2
Bd6 9. dxc5 Bxc5 10. a3 O-O 11. b4 Ba7 12. c4 Qe7 13. Qb3 dxc4 14. Qxc4 Bh5 15.
Qh4 Bg6 16. Rac1 Rac8 17. Nc4 Bb8 18. Nfe5 Nxe5 19. Nxe5 Rfd8 20. Bf3 Bxe5 21.
Bxe5 Bc2 22. Bxf6 gxf6 23. Rxc2 1-0

[Event "Gibraltar Chess Festival 2017 - Masters"]
[Site "Gibraltar ENG"]
[Date "2017.01.27"]
[Round "4.38"]
[White "Shachar, Ehud"]
[Black "Narciso Dublan, Marc"]
[Result "1/2-1/2"]
[WhiteElo "2374"]
[BlackElo "2508"]
[PlyCount "57"]
[EventDate "2017.01.24"]
[EventType "swiss"]
[EventRounds "10"]
[EventCountry "ENG"]
[SourceTitle "Ajedrez en Madrid"]
[Source "lmi"]
[SourceDate "2017.01.24"]

1. e4 d6 2. d4 Nf6 3. Bd3 e5 4. c3 d5 5. dxe5 Nxe4 6. Nf3 Nc5 7. Bc2 Bg4 8. O-O
Nc6 9. Re1 Be7 10. b4 Ne6 11. h3 Bh5 12. Bb3 d4 13. b5 Na5 14. Bxe6 fxe6 15. g4
Bg6 16. Qxd4 O-O 17. Qxd8 Raxd8 18. Nd4 Bh4 19. Re2 c5 20. bxc6 Nxc6 21. Be3
Nxe5 22. Nd2 Bd3 23. Ree1 Rd6 24. a4 a6 25. Ra2 Bg6 26. Rf1 Bd3 27. Re1 Bg6 28.
Rf1 Bd3 29. Re1 1/2-1/2

[Event "Gibraltar Chess Festival 2017 - Masters"]
[Site "Gibraltar ENG"]
[Date "2017.01.27"]
[Round "4.39"]
[White "Derakhshani, Dorsa"]
[Black "Aryan, Chopra"]
[Result "1/2-1/2"]
[WhiteElo "2370"]
[BlackElo "2503"]
[PlyCount "52"]
[EventDate "2017.01.24"]
[EventType "swiss"]
[EventRounds "10"]
[EventCountry "ENG"]
[SourceTitle "Ajedrez en Madrid"]
[Source "lmi"]
[SourceDate "2017.01.24"]

1. e4 e5 2. Nf3 Nc6 3. Nc3 Nf6 4. d4 exd4 5. Nxd4 Bb4 6. Nxc6 bxc6 7. Bd3 O-O
8. O-O d5 9. exd5 cxd5 10. Bg5 c6 11. Qf3 Bd6 12. Rae1 h6 13. Bxf6 Qxf6 14.
Qxf6 gxf6 15. Ne2 Re8 16. Nd4 Bb7 17. Nf5 Bf8 18. Re3 Rxe3 19. fxe3 c5 20. b3
Re8 21. Rf4 Bc8 22. Kf2 Re5 23. Ng3 Be7 24. Nf5 Bf8 25. Ng3 Be7 26. Nf5 Bf8
1/2-1/2